| 000 | 01202nam a22002411a 4500 | ||
|---|---|---|---|
| 001 | 18856 | ||
| 003 | OSt | ||
| 005 | 20260204212424.0 | ||
| 008 | 181012s2018||||dr ||||||b||||||||||spa|| | ||
| 090 | _aEDU-MF 2018 B35 | ||
| 100 | 1 |
_aBelén Rosario, María Celeste _esustentante |
|
| 245 | 1 | _aIncorporación de los laboratorios en el proceso enseñanza-aprendizaje para la comprensión teórico-práctica de física/María Celeste Belén Rosario, Yazmín Belén Bautista y Rosa Mística Martínez Castro. ; asesor Victor José Galán Céspedes | |
| 260 |
_aCotuí, República Dominicana : _bUTECO, _c2018 |
||
| 300 |
_a70 hojas : _bIlustraciones ; _c28cm. |
||
| 502 | _aTrabajo de grado (Educación mención Matemática y Física)--Universidad Tecnológica del Cibao Oriental, 2018 | ||
| 504 | _aIncluye referencia bibliográfica e índice | ||
| 650 | 4 | _aIncorporación de los laboratorios en el proceso enseñanza | |
| 700 | 1 |
_a Belén Bautista, Yazmín _esustentante |
|
| 700 | 1 |
_a Martínez Castro, Rosa Mística _esustentante |
|
| 700 | 1 |
_a Galán Céspedes, Victor José _easesor |
|
| 830 | _aTesis y disertaciones académicas (Universidad Tecnológica del Cibao Oriental) | ||
| 942 |
_2LC _cTH |
||
| 999 |
_c18856 _d18856 |
||